000 00320nam a22001457a 4500
008 210511b ||||| |||| 00| 0 eng d
020 _a2900393911519
041 _aeng
080 _a37
082 _a37
100 _a46
101 _aEDU
245 _aThe Little Seagull Handbook
_cRichard Bullock
942 _2udc
_cBK
999 _c57249
_d57249